ბათუმის შოთა რუსთაველის სახელმწიფო უნივერსიტეტის ბიბლიოთეკა

ღარიბ შეყვარებულთა ქრონიკა : (ბიბ.ჩანაწერი № 59125)

000 -ლიდერი
ფიქსირებული სიგრძის საკონტროლო ველი 01048nam a22002057a 4500
003 - საკონტროლო ნომრის იდენტიფიკატორი
საკონტროლო ველი Ge_BSU
005 - ბოლო ოპერაციის თარიღი და დრო
საკონტროლო ველი 20221129101835.0
008 - ფიქსირებული სიგრძის მონაცემთა ელემენტები - ზოგადი ინფორმაცია
ფიქსირებული სიგრძის საკონტროლო ველი 221129s1967ge xxu||||| |||| 00| 0 geo d
041 ## - ენის კოდი
Language code of text/sound track or separate title geo
080 ## - უნივერსალური ათობითი კლასიფიკაციის ინდექსი
Universal Decimal Classification number 821.131.1-31 პ-73
100 ## - მთავარი ჩანაწერი - პიროვნების სახელი
Personal name პრატოლინი, ვასკო, ავტორი.
9 (RLIN) 16176
245 ## - ცნობა სათაურის შესახებ
Title ღარიბ შეყვარებულთა ქრონიკა :
Remainder of title რომანი /
Statement of responsibility, etc ვასკო პრატოლინი ; [იტალიელი მწერლის ; თარგმნა ლ. ერაძემ].
264 ## - წარმოების, გამოცემის, დისტრიბუციის და სხვა ცნობები
გამოცემის, წარმოების, დისტრიბუციის... ადგილი თბილისი :
გამოცემის, წარმოების, დისტრიბუციის... სახელწოდება ლიტერატურა და ხელოვნება,
გამოცემის, წარმოების, დისტრიბუციის... თარიღი 1967.
300 ## - ფიზიკური აღწერა
Extent 397 გვ. ;
Other physical details 22 სმ.
440 ## - სერიის ცნობა / დამატებულია ჩანაწერი - სათაური
Title უცხოეთის თანამედროვე რომანი
9 (RLIN) 16177
653 ## - INDEX TERM--UNCONTROLLED
Uncontrolled term ღარიბ შეყვარებულთა ქრონიკა
653 ## - INDEX TERM--UNCONTROLLED
Uncontrolled term რომანი
700 ## - ADDED ENTRY--PERSONAL NAME
Personal name ერაძე, ლ
Relator term მთარგმნელი
9 (RLIN) 16178
942 ## - ADDED ENTRY ELEMENTS (KOHA)
Source of classification or shelving scheme
Koha item type წიგნი
ეგზემპლარები
ჩამოწერის სტატუსი დაკარგული ეგზემპლარის სტატუსი კლასიფიკაციის წყარო ან თაროზე გაწყობის სქემა დაზიანების სტატუსი არ გაიცემა მუდმივი მდებარეობა (დაცვის ადგილი) ამჟამინდელი ადგილსამყოფელი შეძენის თარიღი ღირებულება, შესყიდვის ნორმალური ფასი სრული შენახვის შიფრი შტრიხკოდი ბოლო ოპერაციის თარიღი ეგზემპლარის მიმდევრობითი ნომერი (კეტერი?) ფასის ძალაში შესვლის თარიღი ეგზემპლარის სახეობა საჯარო შენიშვნა
          ბათუმის შოთა რუსთაველის სახელმწიფო უნივერსიტეტის მთავარი ბიბლიოთეკა ბათუმის შოთა რუსთაველის სახელმწიფო უნივერსიტეტის მთავარი ბიბლიოთეკა 2022-11-29 8.00 821.131.1-31 პ-73 63201 2022-11-29 63201 2022-11-29 წიგნი 8.00